000 00599nam a2200229Ia 4500
003 OSt
005 20220924152530.0
006 a|||||r|||| 00| 0
007 ta
008 220923b |||||||| |||| 00| 0 mar d
024 _a342954
037 _cTextual
040 _aARTS
_cARTS
_bmar
041 _2mar
_amar
082 _aV235,51.L2, 155K2
100 _aPagadi SetuMadhavrao
_9226897
245 0 _aMarathyanchey swatantraya yudh
260 _c1962
650 _aHISTORY
942 _hV235,51.L2, 155K2
_cTEXL
_2CC
999 _c470122
_d470122